The European zoological journal
| Previous Title: | Italian journal of zoology (Online) Italian journal of zoology |
|---|---|
| Format: | Electronic Journal |
| Language: | English |
| Published: |
Abingdon, UK :
Taylor & Francis,
2017-
|
| Subjects: | |
| Online Access: | Full text available from Research Library: 12/01/2017 to 12/31/2017 Full text available from Research Library: 01/01/2019 to present |
MARC
| LEADER | 00000nas a2200000 i 4500 | ||
|---|---|---|---|
| 001 | ssj0001934865 | ||
| 003 | WaSeSS | ||
| 005 | 20200512172242.0 | ||
| 006 | m d | ||
| 007 | cr n | ||
| 008 | 161117c20179999enkuu p s 0 a0eng | ||
| 010 | |a 2016209634 | ||
| 015 | |a GBB8D8475 |2 bnb | ||
| 016 | 7 | |a 018872735 |2 Uk | |
| 022 | |a 2475-0263 |y 2475-0255 | ||
| 035 | |a (WaSeSS)ssj0001934865 | ||
| 037 | |b 4 Park Square, Milton Park, Abingdon, Oxon, Oxford, UK 014 4RN | ||
| 040 | |a DLC |b eng |c DLC |d DLC |d OCLCF |d DLC |d NLE |d UKMGB |d VT2 |d UAB |d U3W |d DLC |d COO |d STF |d SFB |d WaSeSS | ||
| 042 | |a pcc |a nsdp | ||
| 050 | 1 | 0 | |a QL1 |
| 082 | 1 | 0 | |a 591 |2 15 |
| 210 | 0 | |a Eur. zool. j. | |
| 222 | 4 | |a The European zoological journal | |
| 245 | 0 | 4 | |a The European zoological journal |h [electronic resource]. |
| 260 | |a Abingdon, UK : |b Taylor & Francis, |c 2017- | ||
| 310 | |a Updated regularly | ||
| 362 | 1 | |a Began with Volume 84, Issue 1 (2017). | |
| 500 | |a Per email from publisher, Previous title: Italian journal of zoology, published in print and online edition. Current title: European zoological journal, published online only. | ||
| 506 | |a License restrictions may limit access. | ||
| 588 | |a Description based on: Volume 84, Isssue 1 (2017); title from journal home page (publisher's website viewed April 4, 2017). | ||
| 588 | |a Latest issue consulted: Volume 84, Isssue 1 (2017) (viewed April 4, 2017). | ||
| 650 | 0 | |a Zoology |v Periodicals. | |
| 650 | 7 | |a Zoology. |2 fast |0 (OCoLC)fst01184696 | |
| 655 | 0 | |a Electronic journals. | |
| 780 | 0 | 0 | |t Italian journal of zoology (Online) |x 1748-5851 |w (DLC) 2006264580 |w (OCoLC)68099544 |
| 780 | 0 | 0 | |t Italian journal of zoology |x 1125-0003 |w (DLC)sn 96047996 |w (OCoLC)35146970 |
| 856 | 4 | 0 | |z Full text available from Research Library: 12/01/2017 to 12/31/2017 |u https://search.proquest.com/publication/196231 |
| 856 | 4 | 0 | |z Full text available from Research Library: 01/01/2019 to present |u https://search.proquest.com/publication/196231 |